INTRODUCTORY ALGEBRA (Record no. 216293)

MARC details
000 -LEADER
fixed length control field 00454nam a22001697a 4500
008 - FIXED-LENGTH DATA ELEMENTS--GENERAL INFORMATION
fixed length control field 251126b |||||||| |||| 00| 0 eng d
020 ## - INTERNATIONAL STANDARD BOOK NUMBER
International Standard Book Number 978-1-133-73435-2
100 ## - MAIN ENTRY--PERSONAL NAME
Personal name AUFMAMANN, RICHARD N.
245 ## - TITLE STATEMENT
Title INTRODUCTORY ALGEBRA
Remainder of title AN APPLIED APPROACH
250 ## - EDITION STATEMENT
Edition statement 9TH ED
260 ## - PUBLICATION, DISTRIBUTION, ETC.
Name of publisher, distributor, etc. BROOKS /COLE CENGAGE LEARNING
Date of publication, distribution, etc. 2014
300 ## - PHYSICAL DESCRIPTION
Extent XXVII,565P.
500 ## - GENERAL NOTE
General note INCLUDES INDEX
650 ## - SUBJECT ADDED ENTRY
Topical term or geographic name entry element 1. ALGEBRA
942 ## - ADDED ENTRY ELEMENTS (KOHA)
Source of classification or shelving scheme Library of Congress Classification
Koha item type Long Loan Book
Holdings
Withdrawn status Lost status Source of classification or shelving scheme Damaged status Not for loan Collection Home library Current library Shelving location Date acquired Inventory number Total checkouts Full call number Barcode Date last seen Copy number Price effective from Koha item type
    Library of Congress Classification     Science & Technology Kisii University Library Kisii University Library On Display 11/26/2025 110162   QA 152.2 .A94 2014 000000002996 11/26/2025 C.1 11/26/2025 Long Loan Book
    Library of Congress Classification     Science & Technology Kisii University Library Kisii University Library On Display 11/26/2025 110163   QA 152.2 .A94 2014 000000002995 11/26/2025 C.2 11/26/2025 Long Loan Book
    Library of Congress Classification     Science & Technology Kisii University Library Kisii University Library On Display 11/26/2025 110164   QA 152.2 .A94 2014 000000002994 11/26/2025 C.3 11/26/2025 Long Loan Book
    Library of Congress Classification     Science & Technology Kisii University Library Kisii University Library On Display 11/26/2025 110165   QA 152.2 .A94 2014 000000002993 11/26/2025 C.4 11/26/2025 Long Loan Book